000 00293nam a2200121Ia 4500
008 191201s2018 xx 000 0 und d
100 _aMoinikunta, Sreeramulu
245 0 _aProduction Technology vol I
260 _bwiley pub.
_c2018
300 _a370
650 _aB.Tech(ME)
942 _2ddc
_cBK
999 _c6850
_d6850